| 000 | 01535nam a22003257a 4500 | ||
|---|---|---|---|
| 999 |
_c64934 _d64934 |
||
| 001 | 768714001 | ||
| 003 | CO-MdFUSB | ||
| 005 | 20190410063414.0 | ||
| 008 | 190408t2017 sp aboj| |||| 00| 0 spa d | ||
| 020 | _a9788427140585 | ||
| 040 |
_aCO-MdFUSB _bspa _cCO-MdFUSB _dCO-MdFUSBC _erda |
||
| 041 | _aspa | ||
| 082 |
_222 _a220.9 _bAT 881 |
||
| 240 | _aHenders neuer bibelatlas | ||
| 245 |
_aAtlas de la Biblia _c/ Dirigido por: Wolfgang Zwickel, Renate Egger - Wenzel, Michael Ernst. |
||
| 264 | 1 |
_aEspaña _bMensajero, _c[2017] |
|
| 264 | 4 | _c©2017 | |
| 300 |
_a399 páginas _c; 33 cm _bMapas a color, ilustraciones, fotografías. |
||
| 336 |
_2rdacontent _atexto _btxt |
||
| 337 |
_2rdamedia _asin mediación _bn |
||
| 338 |
_2rdacarrier _avolumen _bnc |
||
| 504 | _aIncluye bibliografía (páginas 344-345) | ||
| 505 | _aConocimiento del medio. -- El próximo Oriente en los milenios tercero y segundo a. C.-- Antiguo Testamento; En el principio. -- La prehistoria de Israel. -- La protohistoria de Israel. -- El comienzo de la época monárquica. -- La época de los reinos divididos: Israel. -- La época de los reinos divididos: Judá. -- los persas. -- La época helenística.-- Nuevo Testamento: La dominación romana en Palestina. -- El tiempo de Jesús. -- Expansión del cristianismo. | ||
| 563 | _aRústico | ||
| 650 | 0 |
_916 _aBiblia _vAtlas |
|
| 700 |
_aZwickel, Wolfgang, _edirector _91599 |
||
| 700 |
_aEgger- Wenzel, Renate, _edirector _91600 |
||
| 700 |
_91601 _aErnst, Michael _edirector |
||
| 942 | _cREF | ||